ARRUPE JESUIT UNIVERSITY

CORONAVIRUS -STOP THE SPREAD - CLEAN,DISINFECT,COVER

The Gold Coast; (Record no. 56879)

MARC details
000 -LEADER
fixed length control field 00935cam a22002651 4500
001 - CONTROL NUMBER
control field 6952276
003 - CONTROL NUMBER IDENTIFIER
control field ARRUPE
005 - DATE AND TIME OF LATEST TRANSACTION
control field 20170605151816.0
008 - FIXED-LENGTH DATA ELEMENTS--GENERAL INFORMATION
fixed length control field 720125s1949 cau 000 0 eng
010 ## - LIBRARY OF CONGRESS CONTROL NUMBER
LC control number 49009384
035 ## - SYSTEM CONTROL NUMBER
System control number (OCoLC)228251
040 ## - CATALOGING SOURCE
Original cataloging agency DLC
Transcribing agency OClU
Modifying agency NN
-- DLC
050 00 - LIBRARY OF CONGRESS CALL NUMBER
Classification number DT511
Item number .B68
300 ## - PHYSICAL DESCRIPTION
Other physical details map.
Dimensions 23 cm.
100 1# - MAIN ENTRY--PERSONAL NAME
Personal name Bourret, F. M.
9 (RLIN) 32206
245 14 - TITLE STATEMENT
Title The Gold Coast;
Remainder of title a survey of the Gold Coast and British Togoland, 1919-1946.
260 ## - PUBLICATION, DISTRIBUTION, ETC. (IMPRINT)
Place of publication, distribution, etc Stanford,
Name of publisher, distributor, etc Stanford University Press,
Date of publication, distribution, etc 1949.
300 ## - PHYSICAL DESCRIPTION
Extent xi, 231 p.
490 1# - SERIES STATEMENT
Series statement The Hoover Library on War, Revolution and Peace. Publication
Volume number/sequential designation no. 23
504 ## - BIBLIOGRAPHY, ETC. NOTE
Bibliography, etc Bibliography: p. 205-218.
651 #0 - SUBJECT ADDED ENTRY--GEOGRAPHIC NAME
Geographic name Ghana
General subdivision History
Chronological subdivision To 1957.
9 (RLIN) 32207
651 #0 - SUBJECT ADDED ENTRY--GEOGRAPHIC NAME
Geographic name Ghana
General subdivision Politics and government
Chronological subdivision To 1957.
9 (RLIN) 32208
830 #0 - SERIES ADDED ENTRY--UNIFORM TITLE
Uniform title Hoover Institution publication ;
Volume number/sequential designation 23.
9 (RLIN) 32209
906 ## - LOCAL DATA ELEMENT F, LDF (RLIN)
a 7
b cbc
c oclcrpl
d u
e ncip
f 19
g y-gencatlg
942 ## - ADDED ENTRY ELEMENTS (KOHA)
Source of classification or shelving scheme Library of Congress Classification
Koha item type Monograph ( Printed materials)
Holdings
Withdrawn status Lost status Source of classification or shelving scheme Damaged status Not for loan Collection code Home library Current library Date acquired Total Checkouts Full call number Barcode Date last seen Date checked out Copy number Price effective from Koha item type
    Library of Congress Classification     Main Collection ARRUPE LIBRARY ARRUPE LIBRARY 04/03/2013 4 DT511.B68 1949 46600000111 09/11/2018 02/11/2018 1 04/03/2013 Monograph ( Printed materials)

 

Arrupe Library. PO Box MP320 Mt Pleasant, Harare, Zimbabwe
263 242 745411|librarian@aju.ac.zw